| 000 | 00561nam a2200217 a 4500 | ||
|---|---|---|---|
| 001 | 13992 | ||
| 003 | BD-JhCC | ||
| 005 | 20240522164301.0 | ||
| 008 | 180305b1984 u a|||| ||a| 001 0 eng d | ||
| 020 | _a00707140X | ||
| 035 | _a(BD-JhCC)13992 | ||
| 040 |
_aBD-JhCC _dBD-JhCC |
||
| 041 | _aeng | ||
| 082 |
_a540 _bWOF 1984 |
||
| 100 | _a Wolfe, Drew H. | ||
| 245 |
_aIntroduction to College Chemistry / _c Drew H.Wolfe |
||
| 260 |
_aNew York: _bMcGraw-Hill BookCompany; _c1984 |
||
| 300 |
_a605 p;, _c24 cm _bill ; |
||
| 650 | _aChemistry | ||
| 942 |
_2ddc _cBK |
||
| 999 |
_c13992 _d13992 |
||